LEADER 01482nam a2200325 a 4500 001 000000124310 003 CaOOAMICUS 005 20110210173337.0 008 110210s2010 it u000 u ita r 020 $a978-88-430-5470-1 040 $aPUL$bita 082 04$a791.43 245 00$aCinema e religioni /$ca cura di Sergio Botta ed Emanuela Prinzivalli. 260 $aRoma :$bCarocci,$c©2010. 300 $a222 p. ;$c22 cm 490 1 $aBiblioteca di testi e studi ;$v574 490 1 $aBiblioteca di testi e studi. Neg/Otia nostra. Piccola iblioteca del Dipartimento di Studi storico-religiosi Sapienza Università di Roma ;$v04 650 4$aCinema$xReligione.$0(OLS)http://pul/subject/37436 700 1 $aBotta, Sergio.$0(OLS)http://pul/name/78489 700 1 $aPrinzivalli, Emanuela.$0(OLS)http://pul/name/1038 830 0$aBiblioteca di testi e studi$pNeg/Otia nostra ;$v04.$0(OLS)http://pul/title/156695 830 0$aBiblioteca di testi e studi (Carocci) ;$v574.$0(OLS)http://pul/title/156694 850 $aPUL 852 $aPUL$W1$xSL Cons. Gen., Altre Classi 3$y75$m791. 43 BOTSE 1$j143107$qDDC 21$B142139$CPULBib$Z2$F142139 $H115935 $82 941 1 $a9 996 $6020$a978-88-430-5470-1$9(OLS)http://pul/number/146332 996 $6082$a791.43$9(OLS)http://pul/classification/531 996 $6245$aCinema e religioni$9(OLS)http://pul/title/156693 996 $6260$aRoma :$bCarocci$9(OLS)http://pul/publisher/66917 LEADER 01113nam a2200277 a 4500 001 000000133417 003 CaOOAMICUS 005 20130408142409.0 008 130408s2012 bl u000 u por r 020 $a978-85-369-0280-7 040 $aPUL$bita 082 04$a262.9 100 1 $aGeraldo, Denilson.$0(OLS)http://pul/name/85959 245 12$aA vida consagrada no código de dereito canônico /$cDenilson Geraldo. 260 $aAparecida :$bSantuario,$c2012. 300 $a271 p. ;$c23 cm 504 $aBibliografia p. 231-236. 650 4$aVita consacrata$xDiritto canonico.$0(OLS)http://pul/subject/39282 850 $aPUL 852 $aPUL$W1$xDP2 Diritto Canonico 3$y99$m262. 9 GERDE 2$j153329$qDDC 21$B152888$CPULBib$Z2$F152888 $H122070 $82 941 1 $a9 996 $6020$a978-85-369-0280-7$9(OLS)http://pul/number/152304 996 $6082$a262.9$9(OLS)http://pul/classification/369 996 $6245$aA vida consagrada no código de dereito canônico$9(OLS)http://pul/title/168597 996 $6260$aAparecida :$bSantuario$9(OLS)http://pul/publisher/82181